| 000 | 00409pab a2200169 454500 | ||
|---|---|---|---|
| 008 | 180718b1995 xxu||||| |||| 00| 0 eng d | ||
| 100 | _aJagdish Lal | ||
| 245 |
_aGrassroots movements _bimpacts on Panchayati Raj. |
||
| 260 | _c1995 | ||
| 300 | _ap.33-38 | ||
| 362 | _aOct-Nov | ||
| 650 | _aPanchayat - India | ||
| 650 | _aPanchayat | ||
| 700 | _aMisra, P.K. | ||
| 773 | _aThird Concept | ||
| 909 | _a30293 | ||
| 999 |
_c30293 _d30293 |
||